00767nam a2200217Ia 450000100060000000800390000608200110004510000350005624501350009125000110022626000380023730000180027565300120029365300230030565300190032865300110034765300140035894200120037295201480038499900170053265792221214n ii |||gr||||Z||||||346 a891.44 aDasgupta, Bhattacharya & Sama. 0aGoethe :bA Collection of Essays & Poems /cEdited by Subharanjan Dasgupta Bitashok Bhattacharya & Subal Sama .hTextual Documents aFirst. aCalcutta:bSanjay Samanta,c2000. a374pg:c23cm. aBengali aBengali Literature aEssays & Poems aGoethe aG-Bengali 2ddccBK 001040708General aSKBLbSKBLcG-Bengalid2022-12-14f00000g200.00l0o891.44 Da 11 Gop3673/cu/benr2024-01-14 00:00:00t1w2022-12-14yBK c66885d66885